Mars tam, kde je život, vždy číha i smrt

Podrobná bibliografia
Ďalší autori: Hess, Jon (Autor dialógov), Gruner, Olivier (uci), Belafonte, Shari, 1954- (uci), Dell, Gabriel (uci), Valentine, Scott (uci)
Médium: Kniha
Jazyk:čeština
Fyzický popis:1 videokazeta (87 min.) stereo, fareb., VHS systém PAL 10x19 cm
Vydavateľské údaje: Bratislava Intersonic 1997
Predmet:

MARC

LEADER 00000nam a2200000 a 4500
001 vtls001304194
003 SK-MaSNL
005 20260301004924.0
008 130606s1997 xo 0 cze
015 |a SNBJ1997/04-01637 
035 |a SNK000256384 
040 |a SNK  |b slo  |c SNK  |e AACR2 
044 |a xo  |c SK 
080 |a 791.43(73)(086.8)  |2 1981 
245 1 |a Mars  |h videozáznam  |b tam, kde je život, vždy číha i smrt  |c réžia Jon Hess 
260 |a Bratislava  |b Intersonic  |c 1997 
300 |a 1 videokazeta (87 min.)  |b stereo, fareb., VHS systém PAL  |c 10x19 cm 
511 |a Hrajú: Olivier Gruner (Eddie), Shari Belafonteová (Doc), Gabriel Dell, Scott Valentine 
521 |a Mládeži do 15 r. nevhodné 
650 0 7 |a filmy sci-fi  |x videokazety  |2 SNK  |9 288449 
655 7 |a videokazety  |2 SNK  |9 70726 
700 1 |a Hess, Jon  |4 aud  |9 41373 
700 1 |a Gruner, Olivier  |4 uci  |9 44024 
700 1 |a Belafonte, Shari,  |d 1954-  |4 uci  |9 42803 
700 1 |a Dell, Gabriel  |4 uci  |9 41091 
700 1 |a Valentine, Scott  |4 uci  |9 41013 
999 |c 543717  |d 545647 
952 |t P60, <03>, [BOOK], {603}  |a SNK  |b SNK  |y PREZ  |7 0  |p 17A0088978  |o snkSVC 840  |i snkJK 411/97  |0 0  |1 0  |4 0  |d 1997-09-29  |l 0  |r 2005-01-02 00:00:00  |w 2026-02-23